[Event "La Pampa op"]
[Site "La Pampa"]
[Date "2022.03.04"]
[Round "2"]
[White "Cabanillas, Edgardo"]
[Black "Barrotto, Jose Ignacio"]
[Result "1/2-1/2"]
[WhiteElo "1828"]
[BlackElo "1624"]
[PlyCount "87"]
[EventDate "2022.03.04"]
[EventType "swiss"]
[EventRounds "7"]
[EventCountry "ARG"]
[SourceTitle "CBM 207 Extra"]
[Source "ChessBase"]
[SourceDate "2022.05.31"]
[SourceVersion "1"]
[SourceVersionDate "2022.05.31"]
[SourceQuality "1"]

1. e4 c6 2. Nf3 d5 3. exd5 cxd5 4. d4 Nf6 5. h3 Bf5 6. Bf4 e6 7. Bxb8 Rxb8 8. Bb5+ Ke7 9. c3 Qb6 10. Qe2 a6 11. Ba4 Kd8 12. 0-0 Bd6 13. Re1 Qc7 14. Nbd2 b5 15. Bb3 Re8 16. g4 Bg6 17. Ne5 Bxe5 18. dxe5 Ne4 19. Nxe4 Bxe4 20. Rad1 Ke7 21. f3 Bg6 22. Qe3 Kf8 23. h4 h6 24. Re2 Qe7 25. Rh2 Bh7 26. Rd4 Kg8 27. Rf4 Rf8 28. a3 Rbc8 29. Kg2 g6 30. Rf6 Kg7 31. Kg3 Qc5 32. Qxc5 Rxc5 33. g5 h5 34. Rf4 Rfc8 35. Rd2 Kf8 36. a4 Rb8 37. axb5 Rcxb5 38. Ba4 Rxb2 39. Rxb2 Rxb2 40. Rb4 Re2 41. Rb8+ Kg7 42. Kf4 Rh2 43. Kg3 Re2 44. Kf4 1/2-1/2

[Event "Salliquelo U2200 4th"]
[Site "Salliquelo"]
[Date "2019.04.27"]
[Round "3.4"]
[White "Santopietro, Gerardo"]
[Black "Cabanillas, Edgardo"]
[Result "1-0"]
[WhiteElo "2166"]
[BlackElo "1830"]
[PlyCount "75"]
[EventDate "2019.04.26"]
[EventType "swiss"]
[EventRounds "7"]
[EventCountry "ARG"]
[SourceTitle "EXT 2024"]
[Source "ChessBase"]
[SourceDate "2023.10.10"]
[SourceVersion "1"]
[SourceVersionDate "2023.10.10"]
[SourceQuality "1"]

1. e4 e6 2. d4 d5 3. Nc3 Bb4 4. e5 c5 5. a3 cxd4 6. axb4 dxc3 7. bxc3 Qc7 8. Qd4 Nc6 9. Bb5 Nge7 10. Nf3 Bd7 11. Bxc6 Nxc6 12. Qe3 h6 13. 0-0 a6 14. b5 Na5 15. b6 Nc4 16. bxc7 Nxe3 17. Bxe3 Bc6 18. Rfb1 Kd7 19. Bb6 Rhc8 20. Nd4 Rxc7 21. Bxc7 Kxc7 22. Nxc6 Kxc6 23. Kf1 b6 24. Ke2 Kc5 25. Kd3 a5 26. f4 f5 27. exf6 gxf6 28. Re1 Re8 29. g4 e5 30. fxe5 fxe5 31. h4 e4+ 32. Kd2 Ra8 33. g5 a4 34. g6 b5 35. g7 Kc4 36. Rg1 Rg8 37. Raf1 e3+ 38. Kxe3 1-0

[Event "General La Madrid U2200 1st"]
[Site "General La Madrid"]
[Date "2017.11.04"]
[Round "4.3"]
[White "Cabanillas, Edgardo"]
[Black "Sapienza, Julian"]
[Result "0-1"]
[WhiteElo "1790"]
[BlackElo "2112"]
[PlyCount "44"]
[EventDate "2017.11.03"]
[EventType "swiss"]
[EventRounds "7"]
[EventCountry "ARG"]
[SourceTitle "EXT 2024"]
[Source "ChessBase"]
[SourceDate "2023.10.10"]
[SourceVersion "1"]
[SourceVersionDate "2023.10.10"]
[SourceQuality "1"]

1. e4 e5 2. Bc4 Nf6 3. d3 Nc6 4. c3 Bc5 5. Nf3 d6 6. 0-0 Bg4 7. a4 a6 8. Nbd2 h6 9. h3 Bh5 10. Re1 g5 11. g4 Nxg4 12. hxg4 Bxg4 13. Kg2 Qf6 14. Nf1 Ne7 15. N1h2 Bh5 16. Rf1 Ng6 17. Kg3 Rg8 18. Rh1 g4 19. Nd4 Qh4+ 20. Kg2 Qh3+ 21. Kg1 Nh4 22. Nxg4 Qg2# 0-1

[Event "ARG-ch Amateur U2000"]
[Site "La Falda"]
[Date "2015.12.05"]
[Round "2.5"]
[White "Cabanillas, Edgardo"]
[Black "Ayala, Gustavo"]
[Result "1/2-1/2"]
[WhiteElo "1839"]
[BlackElo "1965"]
[PlyCount "86"]
[EventDate "2015.12.05"]
[EventType "swiss"]
[EventRounds "9"]
[EventCountry "ARG"]
[SourceTitle "EXT 2024"]
[Source "ChessBase"]
[SourceDate "2023.10.10"]
[SourceVersion "1"]
[SourceVersionDate "2023.10.10"]
[SourceQuality "1"]

1. e4 e5 2. Bc4 Nf6 3. d3 Bc5 4. c3 Nc6 5. Nf3 Qe7 6. 0-0 d6 7. Nbd2 Bg4 8. h3 h5 9. Bb5 Bd7 10. Ba4 h4 11. b4 Bb6 12. Nc4 d5 13. Nxb6 axb6 14. Bg5 dxe4 15. dxe4 Rh5 16. Bb5 0-0-0 17. Qc2 Rdh8 18. a4 Qe8 19. a5 Nb8 20. Bxd7+ Nfxd7 21. axb6 Nxb6 22. Rfd1 f6 23. Be3 Qe6 24. Bxb6 Qxb6 25. Qd3 g5 26. Ra8 R5h7 27. Nh2 Qe6 28. Ng4 Rf8 29. Ne3 c6 30. Nf5 Kc7 31. Qd6+ Qxd6 32. Rxd6 Rd7 33. Rxd7+ Nxd7 34. Rxf8 Nxf8 35. Kf1 Ne6 36. g3 c5 37. Ke2 cxb4 38. cxb4 Kc6 39. Kd3 Kb5 40. Nd6+ Kxb4 41. Nxb7 Nc5+ 42. Nxc5 Kxc5 43. Kc3 Kb5 1/2-1/2